[Event "Tallin Keres Memorial Rapid 32nd"]
[Site "Tallinn"]
[Date "2023.01.07"]
[Round "4"]
[White "Fridman, Daniel"]
[Black "Zigailov, Sergei"]
[Result "1-0"]
[WhiteElo "2595"]
[BlackElo "2186"]
[PlyCount "63"]
[EventDate "2023.01.07"]
[EventType "swiss (rapid)"]
[EventRounds "11"]
[EventCountry "EST"]
[SourceTitle "CBM 212 Extra"]
[Source "ChessBase"]
[SourceDate "2023.03.31"]
[SourceVersion "1"]
[SourceVersionDate "2023.03.31"]
[SourceQuality "1"]

1. d4 d5 2. Nf3 Nf6 3. c4 dxc4 4. e3 e6 5. Bxc4 a6 6. 0-0 b5 7. Bd3 Bb7 8. a4 b4 9. Qe2 c5 10. dxc5 Bxc5 11. Rd1 Qc7 12. Nbd2 Nc6 13. Nc4 0-0 14. b3 Be7 15. Bb2 Na5 16. Be5 Qc5 17. Bd4 Qh5 18. Nxa5 Qxa5 19. Ne5 Qd5 20. f3 Rfd8 21. Qb2 Bc5 22. Bc4 Bxd4 23. Rxd4 Qc5 24. Rad1 Rxd4 25. Qxd4 Qxd4 26. Rxd4 a5 27. e4 h6 28. Bb5 Rc8 29. Nc4 Ra8 30. Rd6 Kf8 31. Kf1 Ke7 32. e5 1-0

[Event "Tallin Keres Memorial Rapid 32nd"]
[Site "Tallinn"]
[Date "2023.01.07"]
[Round "2"]
[White "Zigailov, Sergei"]
[Black "Bernadskiy, Vitaliy"]
[Result "0-1"]
[WhiteElo "2186"]
[BlackElo "2609"]
[PlyCount "70"]
[EventDate "2023.01.07"]
[EventType "swiss (rapid)"]
[EventRounds "11"]
[EventCountry "EST"]
[SourceTitle "CBM 212 Extra"]
[Source "ChessBase"]
[SourceDate "2023.03.31"]
[SourceVersion "1"]
[SourceVersionDate "2023.03.31"]
[SourceQuality "1"]

1. e4 c5 2. Nf3 d6 3. d4 cxd4 4. Nxd4 Nf6 5. Nc3 a6 6. h3 e5 7. Nde2 h5 8. g3 Nbd7 9. Bg2 b5 10. Be3 Bb7 11. 0-0 Be7 12. Qd2 Nc5 13. Bxc5 dxc5 14. Nd5 Nxd5 15. exd5 0-0 16. c4 f5 17. Rfd1 Bd6 18. f4 e4 19. h4 bxc4 20. Nc3 a5 21. Qe2 Qe8 22. Qxc4 Ba6 23. Qa4 Qg6 24. Kh2 Rfb8 25. Qc6 Kh7 26. b3 Bd3 27. Qd7 Rd8 28. Qc6 c4 29. bxc4 Rac8 30. Qb6 Rb8 31. Qc6 Rdc8 32. Qd7 Rxc4 33. Nb5 Bxf4 34. gxf4 Rc2 35. Rg1 Rxb5 0-1